Central Library OPAC University of Rajshahi

The Enlightenment / (Record no. 35835)

MARC details
000 -LEADER
fixed length control field 00764cam a22002651 4500
001 - CONTROL NUMBER
control field 35835
003 - CONTROL NUMBER IDENTIFIER
rucl marc code BD-RjUL
005 - DATE AND TIME OF LATEST TRANSACTION
control field 20211209052404.0
008 - FIXED-LENGTH DATA ELEMENTS--GENERAL INFORMATION
fixed length control field 140610s1965 nju 000 0 eng
035 ## - SYSTEM CONTROL NUMBER
System control number (BD-RjUL)35930
040 ## - CATALOGING SOURCE
Original cataloging agency DLC
Transcribing agency DLC
Modifying agency BD-RjUL
Language of cataloging eng
041 ## - LANGUAGE CODE
Language code of text/sound track or separate title eng
082 00 - DEWEY DECIMAL CLASSIFICATION NUMBER
Classification number 190.82
Author mark and year ENL 1965
245 04 - TITLE STATEMENT
Title The Enlightenment /
Statement of responsibility, etc. Edited by Frank E. Manuel.
260 ## - PUBLICATION, DISTRIBUTION, ETC. (IMPRINT)
Place of publication, distribution, etc. Englewood Cliffs, N.J. :
Name of publisher, distributor, etc. Prentice-Hall,
Date of publication, distribution, etc. c1965.
300 ## - PHYSICAL DESCRIPTION
Pagination viii, 184 p. ;
Size 21 cm.
490 0# - SERIES STATEMENT
Series statement A Spectrum book, S-121.
650 #0 - SUBJECT ADDED ENTRY--TOPICAL TERM
Topical term or geographic name as entry element Enlightenment.
9 (RLIN) 109155
Topical term or geographic name as entry element Philosophy.
9 (RLIN) 109156
700 1# - ADDED ENTRY--PERSONAL NAME
Personal name Manuel, Frank Edward.
942 ## - ADDED ENTRY ELEMENTS (KOHA)
Source of classification or shelving scheme Dewey Decimal Classification
Koha item type Books
Holdings
Lost status Source of classification or shelving scheme Damaged status Not for loan Collection code Permanent Location Current Location Shelving location Date acquired Source of acquisition Cost, normal purchase price Total Checkouts Full call number Date last seen Copy number Koha item type
  Dewey Decimal Classification   Not For Loan Non-fiction Central Library, University of Rajshahi Central Library, University of Rajshahi Reading Room 22/04/1974 Book Center 18.52   190.82 ENL 1965 10/06/2014 C-1 Books